[Event "91st GER-ch 2020"]
[Site "Magdeburg"]
[Date "2020.08.21"]
[Round "8.8"]
[White "Heinemann, Thies"]
[Black "Geue, Niklas"]
[Result "1/2-1/2"]
[WhiteElo "2507"]
[BlackElo "2050"]
[Annotator "TA"]
[PlyCount "139"]
[EventDate "2020.08.16"]
[EventType "swiss"]
[EventCountry "GER"]
[SourceTitle "playchess.com"]
[Source "ChessBase"]
[SourceQuality "1"]

{[%evp 9,138,-6,-2,-16,-16,-31,-13,-13,-12,-12,-8,-6,-13,-12,-14,-15,-14,-18,-18,-19,-26,-36,-20,-32,-20,-29,-11,-36,-37,-63,14,-30,-8,-9,-15,-30,-4,-31,-22,-68,-62,-100,-99,-94,-101,-96,-71,-62,-58,-102,-94,-100,-80,-106,-104,-102,-123,-121,-113,-100,-62,-72,-32,-13,-20,-21,0,0,0,0,0,0,5,4,5,8,27,20,40,14,17,5,17,16,18,0,0,0,0,-64,-62,-80,-20,-12,0,0,0,0,0,0,0,-8,0,0,0,0,0,0,8,8,8,8,8,8,8,0,0,0,0,0,0,0,0,0,0,0,0,0,0,0,0]} 1. e4 e6 2. Qe2 c5 3. Nf3 Nc6 4. c3 d5 5. exd5 Qxd5 6. Na3 {C00: French: Unusual White 2nd moves.} Nf6 7. Nb5 {And now Nc7+ would win.} Qd8 {[#]} 8. g3 $146 ({Predecessor:} 8. Ne5 Bd7 9. Nc4 Qb8 10. d3 a6 11. Nba3 b5 12. Ne3 Qb7 13. Qf3 Rd8 14. Be2 {0-1 (26) Arno Bendicho,A (2055)-Barbero Sendic,A (2383) Almenar 2018}) 8... a6 9. Na3 b5 10. Bg2 Bb7 11. O-O Be7 12. Rd1 O-O 13. Nc2 Qb6 14. d3 Rfd8 15. Bd2 h6 16. Be1 Rd7 17. a3 Rdd8 18. Rdb1 Rac8 19. h3 {[#]} Nh7 (19... c4 $1 $15 {[%mdl 512]} 20. dxc4 bxc4) 20. Kh2 Ng5 21. Nxg5 Bxg5 22. f4 Be7 23. Bf2 Qc7 24. a4 b4 25. Ne1 Na5 26. Rd1 Bxg2 27. Nxg2 bxc3 28. bxc3 Bf6 29. Qc2 Qc6 30. Rab1 Rb8 31. Ne1 c4 32. d4 Rb3 33. Ra1 Rdb8 34. Ra2 h5 35. f5 Re8 36. fxe6 $1 Qxe6 37. Ng2 $1 Qd5 38. Re1 Rxe1 39. Bxe1 Qf3 40. Qe2 Qxe2 41. Rxe2 Kf8 42. Nf4 g6 43. Nd5 Bd8 44. Nb4 Ra3 45. Nxa6 Rxa4 46. Nc5 Ra1 47. Kg2 Nb3 48. Nd7+ Kg7 49. Kf3 (49. Ne5 $11) 49... Ba5 $15 50. Ne5 Nxd4+ (50... Rc1 $17 51. Re3 {[#]} Nxd4+ $1 {[%mdl 512]} 52. cxd4 Bxe1) 51. cxd4 $11 {Black must now prevent Bxa5.The position is equal.} Rxe1 52. Rxe1 Bxe1 53. Nxc4 $17 {[%mdl 4096] Endgame KB-KN} Kf6 54. Ne5 Ke6 55. Kf4 h4 56. gxh4 Bxh4 57. Nf3 Be7 (57... Bf2 {keeps more tension.} 58. Ng5+ Ke7 59. d5 Bc5 60. Kg4 f5+) 58. Ng5+ Kd5 59. Nxf7 Kxd4 60. Nh8 Kd5 61. Nxg6 Ke6 62. Nxe7 Kxe7 $11 {KP-K} 63. Kg5 Kf7 64. Kh6 Kg8 65. Kg6 Kh8 66. h4 Kg8 67. h5 Kh8 68. h6 Kg8 69. h7+ Kh8 70. Kh6 {Accuracy: White = 83%, Black = 87%.} 1/2-1/2

[Event "91st GER-ch 2020"]
[Site "Magdeburg"]
[Date "2020.08.21"]
[Round "8.9"]
[White "Florstedt, Johannes"]
[Black "Pfreundt, Jakob"]
[Result "0-1"]
[WhiteElo "2350"]
[BlackElo "2397"]
[Annotator "TA"]
[PlyCount "122"]
[EventDate "2020.08.16"]
[EventType "swiss"]
[EventCountry "GER"]
[SourceTitle "playchess.com"]
[Source "ChessBase"]
[SourceQuality "1"]

{[%evp 13,122,0,6,-13,14,31,31,18,29,17,23,17,42,41,51,29,40,0,10,20,7,15,16,0,0,0,0,-19,0,0,0,0,0,-5,-2,-13,17,-21,-21,-77,-75,-127,-123,-175,-174,-178,-165,-187,-185,-182,-145,-191,-179,-180,-179,-179,-176,-281,-281,-279,-281,-276,-263,-323,-315,-303,-301,-352,-343,-388,-370,-387,-295,-279,0,-375,-194,-445,-428,-690,-681,-650,-656,-951,-944,-964,-982,-928,-975,-892,-918,-867,-829,-847,-659,-1918,-1472,-1552,-1360,-2470,-2254,-12818,-5316,-29980,-29981,-29981,-29982,-29988,-29989,-29990,-29991]} 1. e4 e6 2. d4 d5 3. Nd2 c5 4. Ngf3 Nf6 5. e5 Nfd7 6. c3 Nc6 7. Bd3 a5 8. a4 {C06: French Tarrasch: 3...Nf6 4 e5 Nfd7 5 Bd3 main lines.} cxd4 9. cxd4 Nb4 10. Bb5 {White is slightly better.} b6 11. Nb1 Be7 {[#]} 12. Nc3 $146 ({Predecessor:} 12. O-O O-O 13. Nc3 Nb8 14. Qe2 N8a6 15. Bd2 Nc7 16. Rfc1 Bd7 17. b3 Rc8 18. Ne1 {½-½ (43) Kerigan,D (2262)-Ozkan,E (2174) Denizli 2013}) 12... Ba6 13. O-O O-O 14. Qe2 Bxb5 15. axb5 Qc8 16. Bg5 Bxg5 17. Nxg5 h6 18. Nh3 Qc4 19. Qxc4 dxc4 20. Ne4 Nd3 $36 {[%mdl 2048] Black has the initiative.} 21. Nd6 Nxb2 22. Rfc1 Rfd8 23. Rc2 Nd3 24. Rxc4 Nb4 25. f4 Nd5 26. Ra3 {[#]} (26. g3 $11 {remains equal.}) 26... N7f6 $1 $17 {[%mdl 512]} 27. Nf2 (27. Rc6 $142 Ne8 28. Nf2) (27. exf6 Rxd6) 27... Nxf4 28. Rc6 (28. h4 $17) 28... N6d5 $19 29. Kf1 {[#]} Ng6 $1 30. Nfe4 Nge7 31. Rc2 Nc8 32. Nc4 Ra7 33. Ncd6 Nxd6 34. Nxd6 Rc7 35. Rc6 (35. Rxc7 {is a better defense.} Nxc7 36. Ke2) 35... Rdd7 36. Rxc7 Rxc7 {[%mdl 4096] Endgame KRN-KRN} ({Weaker is} 36... Nxc7 37. Ke2 $17) 37. Ra2 Kf8 38. g3 Ke7 39. Kf2 Rc3 40. h4 f5 41. h5 Kd7 42. Ra1 Ne3 43. Ke2 Nd5 44. Kf2 f4 (44... Rb3 $142 {Hoping for ...Nc3.} 45. Rg1 a4) 45. g4 $2 (45. gxf4 Nxf4 46. Rf1) 45... Rb3 46. g5 (46. Ke2 $142) 46... hxg5 47. Rg1 Rg3 48. Rxg3 fxg3+ 49. Kxg3 {[#] KN-KN} Ne3 $1 {[%cal Re3f5]} 50. Ne4 a4 {[%cal Ba5a4,Ba4a3][%mdl 32]} 51. Nc3 a3 52. Na2 Ke7 53. Kf3 Nf5 54. Ke4 Ng3+ 55. Kd3 Nxh5 56. Kc2 Nf4 57. Nc3 g4 58. Ne4 Ne2 {Black mates.} 59. d5 exd5 60. Nd6 Ke6 61. Nc8 g3 {Accuracy: White = 47%, Black = 86%.} 0-1

[Event "91st GER-ch 2020"]
[Site "Magdeburg"]
[Date "2020.08.21"]
[Round "8.10"]
[White "Miller, Eduard"]
[Black "Dobrikov, Marco"]
[Result "0-1"]
[WhiteElo "2392"]
[BlackElo "2290"]
[Annotator "TA"]
[PlyCount "77"]
[EventDate "2020.08.16"]
[EventType "swiss"]
[EventCountry "GER"]
[SourceTitle "playchess.com"]
[Source "ChessBase"]
[SourceQuality "1"]

{[%evp 21,77,-21,16,9,0,-28,-29,-28,-8,0,-16,-27,-31,-186,-191,-261,-261,-247,-239,-254,-262,-248,-134,-250,-250,-216,-243,-379,-407,-403,-400,-345,-236,-420,-354,-339,-343,-452,-385,-884,-870,-859,-841,-29968,-29977,-29977,-29978,-29978,-29979,-29979,-29979,-29984,-29984,-29986,-29987,-29989,-29990,-29995]} 1. e4 c5 2. Nf3 d6 3. d4 cxd4 4. Nxd4 Nf6 5. Nc3 a6 6. Bc4 e6 7. Be3 Be7 8. f3 O-O 9. Bb3 b5 10. a3 Bb7 11. Qd2 Nbd7 {[%cal Bb8d7,Bd7e5,Be5c4][%mdl 32]} 12. O-O-O {B86: Sicilian Scheveningen/Najdorf: 6 Bc4, without early ...b5.} Ne5 13. g4 Nfd7 {[#]} 14. f4 $146 {Black has an edge.} ({Predecessor:} 14. Qf2 Rc8 15. Nde2 Nc5 16. Kb1 Qa5 17. Ba2 b4 18. axb4 Qxb4 19. Rd4 Qb6 20. Rhd1 {0-1 (38) Palko,A (2220)-Tsokan,A Nyiregyhaza 1998}) 14... Nc4 15. Bxc4 $1 bxc4 16. Qe2 Nc5 17. Nf5 $2 (17. Rhf1 $15) 17... Nxe4 $19 ({Don't do} 17... exf5 18. Bxc5 fxe4 19. Rhe1 $17) 18. Nxe4 (18. Nxe7+ {was called for.} Qxe7 19. Rhf1) 18... exf5 ({Not} 18... Bxe4 {[#]} 19. Bb6 $1 $11 {[%mdl 512]}) 19. Nc3 Bxh1 20. Rxh1 Bf6 {Strongly threatening ...d5.} 21. Nd5 c3 (21... Rb8 $19 22. c3 fxg4 23. Qxc4 a5) 22. b4 (22. bxc3 $17 {might work better.} Rb8 23. gxf5) 22... Re8 23. Qd3 fxg4 24. Bb6 (24. h3 $142 gxh3 25. Bb6) 24... Qd7 25. Kb1 Qc6 26. Rg1 Bd8 27. Bf2 $2 (27. Bxd8 Raxd8 28. Rxg4 Re1+ 29. Ka2) 27... Rc8 28. Rxg4 Qc4 29. Qd1 a5 30. Bd4 $2 (30. f5 Re4 31. Rxe4 Qxe4 32. Qe1 Qxe1+ 33. Bxe1) 30... Qxd5 31. Rxg7+ Kf8 32. Rxh7 {[#]} Bf6 $1 {[%mdl 64] Pin. Black mates.} 33. Rh8+ (33. Bxf6 Qxd1+) 33... Bxh8 34. Bg7+ Bxg7 35. Qxd5 axb4 36. Ka2 bxa3 37. Qxd6+ Kg8 38. f5 Rb8 39. Qc6 {Black took control after the opening. Accuracy: White = 36%, Black = 75%.} 0-1

[Event "91st GER-ch 2020"]
[Site "Magdeburg"]
[Date "2020.08.21"]
[Round "8.11"]
[White "Braun, Georg"]
[Black "Nguyen, Alex Dac-Vuong"]
[Result "1/2-1/2"]
[WhiteElo "2360"]
[BlackElo "2366"]
[Annotator "TA"]
[PlyCount "90"]
[EventDate "2020.08.16"]
[EventType "swiss"]
[EventCountry "GER"]
[SourceTitle "playchess.com"]
[Source "ChessBase"]
[SourceQuality "1"]

{[%evp 13,90,13,29,8,8,0,13,19,24,19,14,18,20,18,29,31,70,36,20,0,-8,-19,-29,-27,0,-20,0,-16,16,14,24,11,20,0,0,0,8,0,0,0,0,0,6,8,8,0,22,28,26,0,0,0,0,0,7,7,8,2,4,0,0,0,0,0,10,0,2,0,2,0,0,0,4,7,2,0,0,0,0]} 1. e4 c6 2. d4 d5 3. exd5 cxd5 4. Bd3 Nf6 5. c3 Nc6 6. h3 g6 7. Nf3 Qc7 8. O-O {B13: Caro-Kann: Exchange Variation and Panov-Botvinnik Attack.} Bf5 9. Be2 Bg7 10. Re1 O-O 11. Be3 a6 12. Nbd2 {[#]} Rac8 $146 ({Predecessor:} 12... b5 13. Qc1 Ne4 14. Nxe4 Bxe4 15. Nd2 Bf5 16. Nb3 Qc8 17. Nc5 b4 18. Bh6 bxc3 19. bxc3 Bxh6 20. Qxh6 {½-½ (65) Khegay,D (2509)-Faizrakhmanov,R (2434) Sochi 2019}) 13. Bf1 Rfd8 14. Nb3 Qb6 15. Bf4 Ne4 16. Nh4 e5 17. Be3 exd4 18. Nxd4 Nxd4 ({Much worse is} 18... Qxb2 19. Nhxf5 gxf5 20. Nxf5 $16) 19. Nxf5 gxf5 20. Rb1 {[%cal Re3d4]} Ne2+ 21. Qxe2 d4 22. cxd4 Bxd4 23. Bxd4 Rxd4 24. Qe3 Qd6 25. Rbc1 Rd8 26. Qf3 Qg6 27. Be2 Ng5 28. Qb3 b5 29. Rcd1 Ne6 30. Rxd4 Rxd4 31. Qe3 Re4 {The position is equal.} 32. Qg3 Qxg3 (32... f4 {is interesting.} 33. Qc3 Nd4 34. Kf1 Nxe2 35. Rxe2 Rxe2 36. Qc8+ Kg7) 33. fxg3 $11 {[%mdl 4096] Endgame KRB-KRN} Kg7 34. Kf2 Kf6 35. Rc1 Rd4 36. Ke3 Re4+ 37. Kf2 Rd4 38. Ke1 Rd6 39. Rc8 Ng5 40. g4 fxg4 41. Bxg4 Ke5 42. Ke2 Ne4 43. Ke3 {[#] Strongly threatening Re8+.} Nf6 $1 44. Bf3 Nd5+ 45. Bxd5 Kxd5 {Accuracy: White = 91%, Black = 93%.} 1/2-1/2

[Event "91st GER-ch 2020"]
[Site "Magdeburg"]
[Date "2020.08.21"]
[Round "8.12"]
[White "Tschernatsch, Johannes"]
[Black "Bastian, Herbert"]
[Result "1-0"]
[WhiteElo "2241"]
[BlackElo "2272"]
[Annotator "TA"]
[PlyCount "75"]
[EventDate "2020.08.16"]
[EventType "swiss"]
[EventCountry "GER"]
[SourceTitle "playchess.com"]
[Source "ChessBase"]
[SourceQuality "1"]

{[%evp 15,75,50,59,47,54,54,64,43,39,37,43,43,89,30,69,41,47,40,62,63,66,77,62,66,64,57,65,65,61,68,181,173,356,76,78,61,85,65,85,47,70,68,208,203,187,192,301,270,254,130,185,223,540,531,508,190,431,425,429,436,1099,1078]} 1. e4 c5 2. Nf3 a6 3. c4 e6 4. Nc3 d6 5. d4 cxd4 6. Nxd4 Nf6 7. Be2 Be7 8. O-O O-O 9. Kh1 {B41: Sicilian: Kan Variation: 5 c4.} Qc7 10. Be3 Nbd7 11. f4 {White is slightly better.} b6 12. Rc1 Bb7 13. Bf3 Rfe8 14. Qe2 (14. g4 $16) 14... Rac8 15. b3 (15. g4 $5 {[%cal Rg4g5]}) 15... Qb8 16. Bg1 {[#]} Bf8 $146 ({Predecessor:} 16... g6 17. Rfe1 e5 18. fxe5 Nxe5 19. Na4 Nfd7 20. Nc2 Bh4 21. Rf1 f5 22. Nxb6 Nxb6 23. Bxb6 Nxf3 24. gxf3 fxe4 {0-1 (31) Buzhinlham,P-Justo,V (1940) Luzern 1982}) 17. e5 Bxf3 18. Nxf3 dxe5 19. fxe5 {Threatens to win with Rcd1.} Ng4 {[%cal Rg4e5]} 20. Ng5 Ndxe5 {[#]} ({But not} 20... Ngxe5 $6 21. Qh5 $1 $16 {[%mdl 512]}) 21. Nxf7 $1 {[%mdl 576] Deflection} Nxf7 22. Qxg4 b5 (22... Nh6 $14 23. Qh5 Nf5) 23. Ne4 $40 {[%mdl 128] Hoping for Nf6+. White goes for the king.} Nh6 $2 (23... Re7 24. Be3 bxc4) 24. Qg5 $2 (24. Nf6+ $1 $18 {is the precise move to win.} Kh8 25. Nxe8 Rxe8 26. Qe4) 24... Be7 $16 25. Qh5 bxc4 26. bxc4 {[%cal Bb3c4,Bc4c5,Bc5c6][%mdl 32]} Rf8 27. Rxf8+ (27. Rfe1 {with more complications.} Qb2 28. Qa5 Qb7 29. c5 Qc6 30. Qb6) 27... Rxf8 28. Qe2 Qc8 {[#] This move loses the game for Black.} ({Better is} 28... Qe5 $14) 29. c5 $1 $18 Qc6 {[#]} 30. Rb1 $1 Qd5 (30... Nf7 $142 31. Rb6 Qd5) 31. Rd1 Qe5 32. Bd4 ({White should play} 32. Rd7 $18 Nf5 33. g4) 32... Qf5 (32... Qf4 $16 {is a better defense.}) 33. c6 Rc8 $2 (33... Qb5 {is a better chance.} 34. Qc2 Rc8) 34. Qxa6 e5 35. Bxe5 $2 (35. Bg1) 35... Ng4 $2 (35... Nf7 {was called for.}) 36. Bg3 {White is clearly winning.} Ne3 37. Re1 Nc2 (37... Bb4 $142) 38. Qc4+ {[%mdl 64] Double Attack. Accuracy: White = 64%, Black = 44%.} 1-0

[Event "91st GER-ch 2020"]
[Site "Magdeburg"]
[Date "2020.08.21"]
[Round "8.13"]
[White "Trifan, Andrei Ioan"]
[Black "Weber, Max"]
[Result "1-0"]
[WhiteElo "2249"]
[BlackElo "2243"]
[Annotator "TA"]
[PlyCount "93"]
[EventDate "2020.08.16"]
[EventType "swiss"]
[EventCountry "GER"]
[SourceTitle "playchess.com"]
[Source "ChessBase"]
[SourceQuality "1"]

{[%evp 25,93,59,51,46,41,31,26,38,49,11,10,0,64,59,84,45,105,93,207,211,330,139,343,106,172,150,236,224,275,218,223,137,338,332,330,323,285,225,228,217,345,41,264,263,260,148,147,139,266,129,144,70,359,345,1134,1134,1396,1389,1106,1041,1096,584,672,643,1078,1054,1054,1038,1006,994]} 1. e4 c5 2. Nf3 Nc6 3. d4 cxd4 4. Nxd4 Nf6 5. Nc3 d6 6. Bg5 e6 7. Qd2 a6 8. O-O-O Bd7 9. f4 Be7 10. Nf3 b5 11. Bxf6 gxf6 12. f5 Qb6 13. Kb1 O-O-O 14. Ne2 {B69: Sicilian: Richter-Rauzer: 7...a6 8 0-0-0 Bd7 9 f4 Be7 10 Nf3 b5 11 Bxf6.} Kb8 15. Nf4 Bc8 16. fxe6 {White has an edge.} fxe6 17. Bd3 Ne5 {[#]} 18. Be2 $146 ({Predecessor:} 18. Rhe1 Rhe8 19. Bf1 Qc5 20. Re3 Bf8 21. Rc3 Qb6 22. Nh5 d5 23. Nxe5 fxe5 24. Rd3 {½-½ (42) Dragomirescu,R (2353)-Bida,M (2141) Brasov 2011}) 18... Nxf3 (18... Ng6 $1 $11) 19. Bxf3 $14 Qc5 20. Bg4 Qe5 (20... d5 $1 $14) 21. Rhe1 Rhe8 (21... Rhg8 $16 22. h3 Rde8) 22. Qe3 $18 Kb7 {[#]} (22... Qc5 $142) 23. h4 (23. Bxe6 $1 $18 {[%mdl 512]} Bxe6 24. Rd5 $1 {[%mdl 512]}) 23... b4 $2 {[#]} (23... d5 $16) 24. g3 $2 (24. Bxe6 $1 $18 {[%mdl 512] is the precise move to win.} Bxe6 25. Rd5 $1 {[%mdl 512]}) 24... Bf8 (24... d5 $16) 25. Qb3 a5 (25... Ka7 $16 {was necessary.} 26. Qc4 (26. Qxb4 d5 $16) 26... Re7) 26. a3 Bh6 27. Nd3 Qb5 28. c4 a4 $2 (28... Qb6 $16) 29. Qc2 $1 ({Less strong is} 29. cxb5 axb3 30. Nxb4 Rg8 $16) (29. Qxb4 Qxb4 30. axb4 Rg8 $16) (29. axb4 axb3 30. cxb5 Rg8 $11) 29... b3 30. Qc3 ({Not} 30. cxb5 bxc2+ 31. Kxc2 Rg8 $11) 30... Qb6 31. Qxf6 Be3 32. e5 $1 Kb8 (32... Bd4 $142 33. Bf3+ d5 34. cxd5 exd5) 33. Bh5 $2 (33. exd6 $1 $18 {And now d7! would win.} Rxd6 34. Qe5) 33... Rg8 $2 (33... Rf8 $14 34. Qe7 Bd4) 34. exd6 Rxd6 {[#]} 35. Qe5 (35. Bf3 $1 $18) 35... Bd4 $16 36. Qf4 $36 {[%mdl 2048] Threatens to win with c5! Black is under strong pressure.} Rgd8 (36... Qc7 $16 {was called for.}) 37. Rc1 (37. Bf3 $18 {is more deadly.}) 37... Qc7 {[#]} 38. c5 (38. Bf3 $1 $16) 38... Rc6 $2 {[%mdl 8192]} (38... Rd5 $14 39. Qg4 h6) 39. Nb4 $18 Rxc5 $2 (39... e5 40. Nxc6+ Qxc6 41. Rxe5 Bxe5 42. Qxe5+ Ka8) 40. Rxc5 {White is clearly winning.} Bxc5 41. Nc6+ $1 {[%mdl 64] Double Attack, Discovered Attack} Kb7 42. Nxd8+ Qxd8 43. Qxa4 {Bf3+ would kill now.} Qd3+ 44. Ka1 Qxg3 45. Qe4+ Kb6 46. Bf3 {Threatening mate with Qc6+.} Qc7 47. Qc4 {Accuracy: White = 42%, Black = 24%.} 1-0

[Event "91st GER-ch 2020"]
[Site "Magdeburg"]
[Date "2020.08.21"]
[Round "8.14"]
[White "Voege, Tobias"]
[Black "Koellner, Ruben Gideon"]
[Result "1-0"]
[WhiteElo "2326"]
[BlackElo "2376"]
[Annotator "TA"]
[PlyCount "81"]
[EventDate "2020.08.16"]
[EventType "swiss"]
[EventCountry "GER"]
[SourceTitle "playchess.com"]
[Source "ChessBase"]
[SourceQuality "1"]

{[%evp 9,81,33,33,33,35,33,44,45,41,36,47,31,46,34,53,22,28,17,16,16,47,0,0,0,0,0,0,0,0,-20,31,3,51,20,25,31,58,38,94,-131,114,20,141,29,84,51,58,53,420,163,29975,29976,29976,29977,29977,29978,29967,29963,5514,5485,2122,1347,1891,717,697,484,1724,1690,1664,1596,1750,764,1045,687]} 1. d4 d6 2. Nf3 Nf6 3. c4 g6 4. Nc3 Bf5 5. Bg5 Bg7 6. e3 {E61: King's Indian: Early deviations for White, including Smyslov System.} h6 7. Bh4 c6 8. Bd3 {White is slightly better.} Bxd3 9. Qxd3 Nbd7 10. O-O g5 11. Bg3 Nh5 {[#]} 12. b4 $146 ({Predecessor:} 12. Nd2 Nxg3 13. fxg3 e6 14. Rf2 O-O 15. Raf1 Qe7 16. g4 Nf6 17. h3 h5 18. Nde4 Nxe4 19. Nxe4 h4 20. Rf6 {1-0 (20) Correia,M (2075)-Palacio,I (2128) Fortaleza 2017}) 12... Nxg3 13. fxg3 O-O 14. g4 Nf6 15. h4 Nxg4 16. hxg5 e6 17. Qe4 h5 18. Qd3 d5 19. Rae1 f6 (19... dxc4 $11 20. Qxc4 b5) 20. e4 $36 {[%mdl 2048] Black should prevent exd5. Black is under pressure.} fxg5 {Threatening ...Rxf3!} 21. cxd5 e5 22. dxc6 bxc6 23. Qc4+ Kh7 {[#]} ({Black should try} 23... Kh8 $14) 24. Qc5 $2 (24. d5 $1 $16 {and life is bright.}) 24... Re8 $2 (24... exd4 $17 {stays on course.} 25. Nxg5+ Kh6 26. Nf7+ Rxf7 27. Rxf7 dxc3 28. Qxc6+ Bf6) 25. Nd1 (25. d5 $16 Bf8 26. Qc4 (26. Qxc6 Rc8 $11)) 25... Bf8 (25... a5 $11) 26. Qc1 ({White should play} 26. Qc4 $16 {Strongly threatening Qf7+.} Bg7 27. Qf7) 26... Bh6 (26... Bxb4 $11 {remains equal.} 27. Re2 (27. Nxg5+ Kg6 $17) 27... Be7) 27. dxe5 Qb6+ 28. Kh1 $1 Kg6 $2 {[%mdl 8192] This move loses the game for Black.} (28... Rac8 $14) 29. Qc4 $2 (29. Ne3) 29... Rad8 $2 {[#]} (29... Kg7 $18 30. Nb2 a5) 30. Nh4+ $1 {[%mdl 512]} Kh7 (30... gxh4 31. Qf7+) 31. Qf7+ {[%mdl 64] Double Attack} Bg7 32. Qg6+ {[%mdl 64] Double Attack} Kh8 33. Rf7 {[%csl Gf7][%cal Rg6g7]} Rg8 34. Qxh5+ {[%mdl 64] Double Attack. White is clearly winning.} Nh6 35. Ng6+ Kh7 36. Ne7 (36. Ne3 $142 Rdf8 37. Nxf8+ Rxf8 38. Rxf8 Bxf8 39. Ng4) 36... Qxb4 $18 37. Ref1 {Intending Nf5 and mate.} Qxe4 (37... Rdf8 $142 38. e6 (38. Qg6+ Kh8 $18) 38... Rxf7 39. Qg6+ Kh8 40. exf7 Rf8) 38. Nf5 {[%csl Gf5][%cal Rh5h6]} Kh8 39. Nxh6 {White wants to mate with Nf5+.} Qh7 40. R7f6 {[%cal Rh6f7]} Rd7 41. Nf7+ {Accuracy: White = 53%, Black = 49%.} 1-0

[Event "91st GER-ch 2020"]
[Site "Magdeburg"]
[Date "2020.08.21"]
[Round "8.15"]
[White "Schulz, Lukas"]
[Black "Michalowski, Peter"]
[Result "1-0"]
[WhiteElo "2293"]
[BlackElo "2106"]
[Annotator "TA"]
[PlyCount "97"]
[EventDate "2020.08.16"]
[EventType "swiss"]
[EventCountry "GER"]
[SourceTitle "playchess.com"]
[Source "ChessBase"]
[SourceQuality "1"]

{[%evp 14,97,31,24,36,21,22,18,27,20,25,8,4,0,0,0,0,0,149,138,133,128,133,121,138,118,113,153,145,87,95,90,105,101,95,108,108,108,101,106,105,102,120,84,127,125,110,117,112,134,176,175,147,120,397,397,433,420,507,475,691,685,670,675,630,508,400,99,2937,2394,5193,3111,12837,12837,12836,12835,12841,12842,12846,12842,12843,12843,12844,12845,12845,12844]} 1. e4 c5 2. Nf3 d6 3. d4 cxd4 4. Nxd4 Nf6 5. Nc3 a6 6. h3 g6 7. g4 Bg7 8. Bg2 Nc6 {B90: Sicilian Najdorf: Unusual White 6th moves, 6 Be3 Ng4 and 6 Be3 e5.} 9. Nxc6 bxc6 10. e5 Nd5 {The position is equal.} 11. Nxd5 cxd5 {[#]} 12. Bxd5 $146 ({Predecessor:} 12. Qxd5 Rb8 13. Qc6+ Kf8 14. O-O Bxe5 15. Bh6+ Bg7 16. Qc3 f6 17. Bc1 Bb7 18. Bxb7 Rxb7 {½-½ (30) Turner,J (1990)-Jukes,S (1751) Cardiff 2014}) 12... Rb8 13. Bc6+ Bd7 14. Bxd7+ $1 Qxd7 15. exd6 Bxb2 (15... Qe6+ $11 16. Qe2 exd6) 16. Bxb2 $16 Qe6+ 17. Kf1 Rxb2 18. Qd4 $1 {[%csl LRb2,LRh8][%cal Rd4h8][%mdl 64] Double Attack} Qf6 19. d7+ Kd8 20. Qc5 {[%csl Gd7][%cal Rc5c8]} Rb8 21. Kg2 (21. Rd1 $142) 21... Qb6 22. Qc3 Qf6 23. Qc4 Qe6 24. Qxe6 fxe6 {[%mdl 4096] Endgame KRR-KRR} 25. Rhe1 Rb6 26. Rad1 Rf8 27. Re4 Rf6 28. Kg3 Rd6 {[#]} 29. Rxd6 $1 exd6 {KR-KR} 30. Ra4 Kxd7 31. Rxa6 h6 32. a4 e5 33. a5 h5 $2 {[%mdl 8192]} (33... g5 $16) 34. Ra7+ $18 Kc6 35. g5 Rf5 {[#]} 36. h4 $1 Rf4 (36... e4 $142 37. Rg7 Rxa5 38. Rxg6 Kd5) 37. Rg7 Rg4+ 38. Kh3 Rf4 39. a6 Rxf2 40. a7 $2 (40. Rxg6 $18 Rf3+ 41. Kg2) 40... Rf8 $2 {[%mdl 8192]} (40... Rf3+ $16 41. Kg2 Ra3) 41. Rxg6 {White is clearly winning.} e4 42. Re6 Ra8 43. Re7 d5 44. g6 Rg8 45. g7 Kb6 46. Kg3 d4 47. Kf2 e3+ 48. Ke2 Rc8 49. Kd3 {Accuracy: White = 78%, Black = 55%.} 1-0

[Event "91st GER-ch 2020"]
[Site "Magdeburg"]
[Date "2020.08.21"]
[Round "8.16"]
[White "Falke, Isaak"]
[Black "Neurohr, Juergen"]
[Result "1-0"]
[WhiteElo "2113"]
[BlackElo "2022"]
[Annotator "TA"]
[PlyCount "71"]
[EventDate "2020.08.16"]
[EventType "swiss"]
[EventCountry "GER"]
[SourceTitle "playchess.com"]
[Source "ChessBase"]
[SourceQuality "1"]

{[%evp 9,71,-27,-27,-29,-19,-27,-37,-46,-29,-25,-10,-125,-125,-122,-118,-128,-137,-138,-131,-129,-126,-137,-122,-120,-93,-139,-127,-129,-121,-152,-106,-124,-118,-143,-115,-127,-95,-101,-77,-136,-89,-90,-80,-76,-62,-91,-14,-18,0,0,854,83,65,60,373,396,358,382,375,373,350,337,2353,388]} 1. b3 e5 2. e3 Nf6 3. Bb2 Nc6 4. d4 exd4 5. exd4 d5 6. Nf3 {A01: Nimzowitsch-Larsen Opening.} Bd6 7. Be2 O-O 8. Nbd2 {Black is slightly better.} Re8 9. O-O Bf5 10. a3 {[#]} (10. Bb5 $11) 10... Bxc2 $1 $17 {[%mdl 512]} 11. Qxc2 {aiming for Bb5.} Rxe2 {[#]} 12. Qd3 $146 ({Predecessor:} 12. Rae1 Rxe1 13. Rxe1 Qf8 14. b4 Nd8 15. Ne5 Ne6 16. Qf5 Bxe5 17. dxe5 Nd7 18. Re3 {0-1 (32) Peters,A (2211)-Savchenko,V (2395) Duesseldorf 2005}) 12... Re8 13. Rae1 Rxe1 14. Rxe1 Ne7 15. Ne5 Qc8 16. Nf1 Rb8 17. f3 Qf5 18. Qe2 Ng6 19. g4 Qc8 20. b4 Nd7 21. Ng3 Nb6 22. Nh5 Qf8 23. f4 {White wants to play f5.} f5 24. Qd3 ({White should play} 24. Qf3) 24... Ne7 25. g5 a6 26. Bc1 Re8 27. Re3 Nec8 (27... c6 $17) 28. Rh3 $11 Be7 29. Qg3 $1 {[%cal Rg3h4] Strongly threatening Qh4.} g6 $2 {[%mdl 8192]} (29... Bd8 $11) 30. Nf6+ $2 (30. Qh4 $18 {and the rest is easy. Nf6+! would kill now.} gxh5 31. Qxh5) 30... Bxf6 $16 31. Qh4 {[%csl Gh3][%cal Rh4h7]} Re7 $2 {[%mdl 8192] Now Black is done in.} ({Black should try} 31... h5 $14 32. gxf6 Re6) 32. gxf6 $18 Rf7 {[#]} 33. Nxg6 $1 {[%mdl 512]} Qd6 (33... hxg6 34. Qh8#) 34. Ne5 Qxf6 35. Nxf7 Qxd4+ $2 (35... Kxf7 36. Qxf6+ (36. Qxh7+ Qg7+ 37. Kf1 Nd6 $18) 36... Kxf6 37. Rxh7 Ne7) 36. Qf2 $2 {Accuracy: White = 63%, Black = 73%.} (36. Re3 Kxf7 37. Qh5+ Kg7 {[#]} 38. Bb2 $1 {[%mdl 512]} Qxb2 39. Rg3+ Kf6 40. Qh6+ Kf7 41. Qxh7+ {[%mdl 64] Double Attack} Ke6 42. Re3+ Kf6 43. Qh8+ Kf7 44. Qe8+ Kf6 45. Re6+ Kg7 46. Qg6+ {[%mdl 64] Double Attack} Kh8 47. Re8#) 1-0